[Event "TCh-FRA Top 12 2018"]
[Site "Brest FRA"]
[Date "2018.05.27"]
[Round "2.5"]
[Board "8"]
[White "Leroy, Didier"]
[Black "Bolon, Karelle"]
[Result "1-0"]
[WhiteTitle "IM"]
[BlackTitle "WFM"]
[WhiteElo "2297"]
[BlackElo "1994"]
[WhiteTeam "Evry Grand Roque"]
[BlackTeam "Les Tours de Haute Picardie, SAINT QUENTIN"]
[WhiteFideId "610950"]
[BlackFideId "634514"]
[EventDate "2018.05.26"]

1. e4 d6 2. d4 Nf6 3. Nc3 g6 4. g3 Bg7 5. Bg2 c6 6. Nge2 O-O 7. O-O Nbd7 8. a4
a5 9. b3 Nb6 10. h3 e5 11. Be3 Nbd7 12. Qd2 Qe7 13. Rad1 Re8 14. d5 cxd5 15.
Nxd5 Nxd5 16. Qxd5 Ra6 17. Nc3 Nf6 18. Qd2 Be6 19. Bg5 Qd7 20. Kh2 Rc8 21. Nb5
Ne8 22. c4 f6 23. Be3 Rd8 24. Nc3 Bf8 25. f4 Bh6 26. Rf3 Ng7 27. Qf2 Qc6 28. f5
Bxe3 29. Rxe3 Bf7 30. fxg6 hxg6 31. Qxf6 Rf8 32. Rf3 Ne8 33. Qe7 Qc7 34. Rxf7
Rxf7 35. Qxe8+ Kg7 36. Nd5 Qc6 37. Qd8 b6 38. Ne7 Qa8 39. Qxd6 Qe8 40. Qxg6+ 1-0

[Event "TCh-FRA Top 12 2018"]
[Site "Brest FRA"]
[Date "2018.05.27"]
[Round "2.6"]
[Board "1"]
[White "Eljanov, Pavel"]
[Black "Jobava, Baadur"]
[Result "1-0"]
[WhiteTitle "GM"]
[BlackTitle "GM"]
[WhiteElo "2702"]
[BlackElo "2663"]
[WhiteTeam "NICE Alekhine"]
[BlackTeam "Tremblay en France"]
[WhiteFideId "14102951"]
[BlackFideId "13601520"]
[EventDate "2018.05.26"]

1. d4 Nf6 2. c4 e6 3. Nf3 b6 4. g3 Ba6 5. b3 Bb7 6. Bg2 Bb4+ 7. Bd2 a5 8. O-O
O-O 9. Nc3 d6 10. Qc2 Nbd7 11. Rfd1 Re8 12. a3 Bxc3 13. Bxc3 Be4 14. Qb2 a4 15.
b4 b5 16. cxb5 Nb6 17. Bf1 Bd5 18. Nd2 Ne4 19. Nxe4 Bxe4 20. f3 Bd5 21. e4 Bb3
22. Re1 d5 23. Bd3 Qd7 24. e5 Nc4 25. Qg2 f5 26. exf6 gxf6 27. Qh3 Nd6 28. Rac1
Bc4 29. Bb1 Nxb5 30. Bb2 Nd6 31. Rc3 Nf5 32. Bc1 Qg7 33. Kf2 Qd7 34. Bh6 c6 35.
Qg4+ Kh8 36. Bxf5 exf5 37. Qh4 Qf7 38. Rce3 Kg8 39. Qf4 Qd7 40. g4 Kf7 41. gxf5
Rxe3 42. Rxe3 1-0

[Event "TCh-FRA Top 12 2018"]
[Site "Brest FRA"]
[Date "2018.05.27"]
[Round "2.6"]
[Board "3"]
[White "Lagarde, Maxime"]
[Black "Shchekachev, Andrei"]
[Result "0-1"]
[WhiteTitle "GM"]
[BlackTitle "GM"]
[WhiteElo "2604"]
[BlackElo "2540"]
[WhiteTeam "NICE Alekhine"]
[BlackTeam "Tremblay en France"]
[WhiteFideId "662399"]
[BlackFideId "4107730"]
[EventDate "2018.05.26"]

1. e4 c5 2. Nf3 e6 3. d4 cxd4 4. Nxd4 a6 5. Bd3 Nf6 6. O-O Qc7 7. Qe2 d6 8. c4
Be7 9. Nc3 O-O 10. f4 Nbd7 11. Kh1 b6 12. Bd2 Re8 13. Rac1 Bb7 14. b4 Bf8 15.
Nb3 Rab8 16. Be3 g6 17. Bd4 Qd8 18. e5 Nh5 19. Qf2 Qc7 20. Rce1 Bg7 21. Be2 dxe5
22. fxe5 Nxe5 23. c5 b5 24. Qh4 Rbd8 25. Bxh5 gxh5 26. Qxh5 Rxd4 27. Nxd4 Ng6
28. Nce2 Bd5 29. Nf3 h6 30. Nh4 Qe5 31. Qxe5 Nxe5 32. Nf4 Bxa2 33. Nh5 Bc4 34.
Nf6+ Bxf6 35. Rxf6 Kg7 36. Rf4 Nd3 37. Rg4+ Kh7 38. Re2 Nxb4 39. Re3 f5 40. Nxf5
exf5 41. Rxe8 fxg4 42. Ra8 Bd5 43. Rb8 Kg6 44. Kg1 Kf5 45. Kf2 Ke4 46. Kg3 Kd4 0-1

[Event "TCh-FRA Top 12 2018"]
[Site "Brest FRA"]
[Date "2018.05.27"]
[Round "2.6"]
[Board "4"]
[White "Piorun, Kacper"]
[Black "Stevic, Hrvoje"]
[Result "1/2-1/2"]
[WhiteTitle "GM"]
[BlackTitle "GM"]
[WhiteElo "2633"]
[BlackElo "2588"]
[WhiteTeam "Tremblay en France"]
[BlackTeam "NICE Alekhine"]
[WhiteFideId "1130420"]
[BlackFideId "14502569"]
[EventDate "2018.05.26"]

1. e4 e5 2. Nf3 Nc6 3. Bb5 a6 4. Ba4 g6 5. c3 Bg7 6. d4 exd4 7. cxd4 b5 8. Bb3
Nge7 9. d5 Na5 10. Bd2 c5 11. Qc1 Nxb3 12. axb3 d6 13. Bh6 O-O 14. h4 f6 15. Nc3
Bd7 16. Bxg7 Kxg7 17. Qf4 Nc8 18. Ne2 Qe7 19. O-O a5 20. Ng3 Nb6 21. h5 a4 22.
bxa4 Nxa4 23. hxg6 hxg6 1/2-1/2

[Event "TCh-FRA Top 12 2018"]
[Site "Brest FRA"]
[Date "2018.05.27"]
[Round "2.6"]
[Board "5"]
[White "Rambaldi, Francesco"]
[Black "Flom, Gabriel"]
[Result "1/2-1/2"]
[WhiteTitle "GM"]
[BlackTitle "IM"]
[WhiteElo "2556"]
[BlackElo "2501"]
[WhiteTeam "NICE Alekhine"]
[BlackTeam "Tremblay en France"]
[WhiteFideId "20657307"]
[BlackFideId "621650"]
[EventDate "2018.05.26"]

1. d4 d5 2. c4 c6 3. Nf3 Nf6 4. e3 Bf5 5. Nc3 e6 6. Bd3 Bxd3 7. Qxd3 Nbd7 8. O-O
Be7 9. b3 O-O 10. Bb2 Re8 11. Rad1 Qa5 12. Rfe1 Ba3 13. Qc2 Bxb2 14. Qxb2 Qa6
15. e4 dxe4 16. Nxe4 Nxe4 17. Rxe4 b5 18. Qe2 bxc4 19. Re3 Rad8 20. bxc4 h6 21.
h3 c5 22. d5 Nf6 23. dxe6 Rxd1+ 24. Qxd1 Rxe6 25. Qd8+ Kh7 26. Qd3+ Kg8 27. Qd8+
Kh7 28. Qd3+ Kg8 29. Rxe6 Qxe6 30. Qd8+ Kh7 31. Qd3+ Kg8 32. Qd8+ Kh7 33. Qd3+
Kg8 1/2-1/2

[Event "TCh-FRA Top 12 2018"]
[Site "Brest FRA"]
[Date "2018.05.27"]
[Round "2.6"]
[Board "6"]
[White "Abergel, Thal"]
[Black "Flear, Glenn C"]
[Result "1/2-1/2"]
[WhiteTitle "GM"]
[BlackTitle "GM"]
[WhiteElo "2429"]
[BlackElo "2444"]
[WhiteTeam "Tremblay en France"]
[BlackTeam "NICE Alekhine"]
[WhiteFideId "614890"]
[BlackFideId "400165"]
[EventDate "2018.05.26"]

1. Nf3 d5 2. g3 Bg4 3. Bg2 e6 4. c4 c6 5. cxd5 exd5 6. O-O Nf6 7. d3 Nbd7 8. Qb3
Nc5 9. Qc2 Be7 10. h3 Bxf3 11. Bxf3 O-O 12. Nc3 Re8 13. Rd1 Ne6 14. d4 Qb6 15.
Be3 Bd6 16. Rac1 1/2-1/2

[Event "TCh-FRA Top 12 2018"]
[Site "Brest FRA"]
[Date "2018.05.27"]
[Round "2.6"]
[Board "7"]
[White "Demuth, Adrien"]
[Black "Bellahcene, Bilel"]
[Result "1/2-1/2"]
[WhiteTitle "GM"]
[BlackTitle "GM"]
[WhiteElo "2542"]
[BlackElo "2488"]
[WhiteTeam "NICE Alekhine"]
[BlackTeam "Tremblay en France"]
[WhiteFideId "642274"]
[BlackFideId "696358"]
[EventDate "2018.05.26"]

1. Nf3 d5 2. g3 g6 3. Bg2 Bg7 4. O-O e5 5. d3 Nc6 6. Nbd2 Nf6 7. e4 O-O 8. c3 a5
9. a4 Re8 10. Re1 h6 11. exd5 Nxd5 12. Nc4 Bf5 13. Ra3 Nb6 14. Nxb6 cxb6 15. Bf1
Be6 16. Be3 Qc7 17. Nd2 Rad8 18. Rb3 Bxb3 19. Qxb3 Qd7 20. Bxb6 Ra8 21. Ne4 Qe6
22. Qb5 Bf8 23. Bg2 Kg7 24. Nd2 Qd7 25. Bd5 Bd6 26. Nc4 Bc7 27. Qc5 Rab8 28.
Bxc6 bxc6 29. Bxc7 Qxc7 30. Re2 Qd7 31. Rd2 Qg4 32. Qxc6 Rbd8 33. Ne3 1/2-1/2

[Event "TCh-FRA Top 12 2018"]
[Site "Brest FRA"]
[Date "2018.05.27"]
[Round "2.6"]
[Board "8"]
[White "Aflalo, Sophie"]
[Black "Bollengier, Andreea"]
[Result "0-1"]
[BlackTitle "WIM"]
[WhiteElo "2104"]
[BlackElo "2260"]
[WhiteTeam "Tremblay en France"]
[BlackTeam "NICE Alekhine"]
[WhiteFideId "656887"]
[BlackFideId "1203347"]
[EventDate "2018.05.26"]

1. Nf3 Nf6 2. g3 b5 3. Bg2 Bb7 4. O-O e6 5. d3 Be7 6. e4 d5 7. e5 Nfd7 8. Re1 c5
9. Bf4 Nc6 10. h4 b4 11. Nbd2 a5 12. h5 h6 13. c4 bxc3 14. bxc3 Rb8 15. Nh2 Bg5
16. Qg4 Bxf4 17. gxf4 O-O 18. Ndf3 Ne7 19. Nh4 Bc8 20. f5 Nxf5 21. Nxf5 exf5 22.
Qf4 Nb6 23. Nf3 d4 24. cxd4 Nd5 25. Qd2 cxd4 26. Nxd4 Nb4 27. Qe3 f4 28. Qxf4
Nxd3 29. Qe3 Nxe1 30. Rxe1 Qh4 31. Nc6 Rb2 32. Qc5 Re8 33. Be4 Qg5+ 34. Kh1
Qxh5+ 35. Kg1 Qg5+ 36. Kh1 Rxa2 37. Bb1 Ra4 38. Nd4 Bb7+ 39. Be4 Qh4+ 0-1

[Event "TCh-FRA Top 12 2018"]
[Site "Brest FRA"]
[Date "2018.05.28"]
[Round "3.1"]
[Board "2"]
[White "Marcelin, Cyril"]
[Black "Piorun, Kacper"]
[Result "0-1"]
[WhiteTitle "GM"]
[BlackTitle "GM"]
[WhiteElo "2462"]
[BlackElo "2633"]
[WhiteTeam "Les Tours de Haute Picardie, SAINT QUENTIN"]
[BlackTeam "Tremblay en France"]
[WhiteFideId "607274"]
[BlackFideId "1130420"]
[EventDate "2018.05.26"]

1. d4 Nf6 2. Nf3 e6 3. Bf4 Be7 4. h3 b6 5. e3 Bb7 6. Be2 c5 7. c3 O-O 8. O-O d6
9. Bh2 a6 10. a4 cxd4 11. exd4 Nbd7 12. Nbd2 Qc7 13. Re1 Rfe8 14. Bf1 Bf8 15.
Nc4 Bc6 16. Ne3 b5 17. axb5 axb5 18. Rxa8 Rxa8 19. Nc2 Nd5 20. Bd3 N7f6 21. Nd2
Qb7 22. Ne4 Nxe4 23. Bxe4 Nf6 24. Bxc6 Qxc6 25. Nb4 Qc4 26. Bf4 d5 27. Nd3 b4
28. Ne5 Qa2 29. Re2 Qa6 30. f3 bxc3 31. bxc3 Rc8 32. Rc2 Ne8 33. Qd3 Qa4 34. Rc1
Nd6 35. Bd2 Nf5 36. Ng4 Bd6 37. Ne3 Nxe3 38. Bxe3 h6 39. Bd2 Qa2 40. Rb1 h5 41.
Kh1 h4 42. f4 g6 43. Rf1 Rb8 44. Be1 Be7 45. Kg1 Rb1 46. Bd2 Rb2 47. Rf2 Bd6 48.
Qe3 Qb1+ 49. Qe1 Qd3 50. Qe3 Rb1+ 51. Kh2 Qxe3 52. Bxe3 Re1 53. Bd2 Rd1 54. g3
g5 0-1

[Event "TCh-FRA Top 12 2018"]
[Site "Brest FRA"]
[Date "2018.05.28"]
[Round "3.1"]
[Board "3"]
[White "Jobava, Baadur"]
[Black "Chabanon, Jean-Luc"]
[Result "1/2-1/2"]
[WhiteTitle "GM"]
[BlackTitle "GM"]
[WhiteElo "2663"]
[BlackElo "2450"]
[WhiteTeam "Tremblay en France"]
[BlackTeam "Les Tours de Haute Picardie, SAINT QUENTIN"]
[WhiteFideId "13601520"]
[BlackFideId "600075"]
[EventDate "2018.05.26"]

1. d4 d5 2. c4 e6 3. Nc3 Nf6 4. Bf4 Be7 5. e3 O-O 6. a3 b6 7. Nb5 Na6 8. Rc1 Bb7
9. Nf3 c6 10. Nc3 Nc7 11. Be5 dxc4 12. Bxc4 Ncd5 13. O-O Nxc3 14. Rxc3 c5 15.
dxc5 Qxd1 16. Rxd1 bxc5 17. Kf1 Rfd8 18. Rxd8+ Rxd8 19. Ke2 Nd5 20. Rb3 Bc6 21.
Bb5 Ba8 22. Nd2 f6 23. Bg3 e5 24. f3 Kf8 25. Bd3 g6 26. e4 Nb6 27. Nc4 Nxc4 28.
Bxc4 Bc6 29. Rd3 Rxd3 30. Kxd3 Ke8 31. b3 Kd7 32. a4 Kd6 33. Bg8 h6 34. Bf7 g5
35. Kc4 Bb7 36. Kb5 Bd8 37. Bf2 Bb6 38. Be8 Kc7 39. g4 Bc8 40. a5 a6+ 41. Ka4
Ba7 42. b4 Be6 43. b5 Bc4 44. b6+ Bxb6 45. axb6+ Kxb6 46. Be1 Bb5+ 47. Bxb5
axb5+ 48. Kb3 Ka6 49. h4 Kb6 50. h5 Ka6 51. Kc3 Kb6 52. Kd3 Ka6 53. f4 exf4 54.
Bc3 b4 55. Bxf6 b3 56. Bc3 Kb5 57. e5 Kc6 58. Ke4 Kd7 59. Bb2 Ke6 60. Ba3 Kd7
61. Kd3 Ke6 62. Bb2 Kd5 63. Bc3 Ke6 64. Kc4 Kd7 65. Kxb3 f3 66. Be1 Ke6 67. Bg3
f2 68. Bxf2 Kxe5 69. Be3 Ke4 70. Bxg5 Kf3 1/2-1/2

[Event "TCh-FRA Top 12 2018"]
[Site "Brest FRA"]
[Date "2018.05.28"]
[Round "3.1"]
[Board "4"]
[White "Kveinys, Aloyzas"]
[Black "Bellaiche, Anthony"]
[Result "1-0"]
[WhiteTitle "GM"]
[BlackTitle "IM"]
[WhiteElo "2493"]
[BlackElo "2459"]
[WhiteTeam "Les Tours de Haute Picardie, SAINT QUENTIN"]
[BlackTeam "Tremblay en France"]
[WhiteFideId "12800040"]
[BlackFideId "615668"]
[EventDate "2018.05.26"]

1. e4 c5 2. Nf3 e6 3. g3 Nc6 4. Bg2 Nf6 5. Qe2 d5 6. exd5 Nxd5 7. O-O Be7 8. Rd1
Qb6 9. c4 Nf6 10. Na3 O-O 11. Nc2 Re8 12. d3 h6 13. b3 e5 14. Re1 Bf8 15. Bb2
Bg4 16. Qd2 Qc7 17. h3 Bh5 18. Nh4 Rad8 19. g4 Bg6 20. Nxg6 fxg6 21. Re3 Nd7 22.
Rae1 Be7 23. f4 exf4 24. Re6 Nf8 25. R6e4 g5 26. Qe2 Qd7 27. d4 cxd4 28. Nxd4
Nxd4 29. Bxd4 Bb4 30. Rxe8 Qxd4+ 31. Kh1 Rxe8 32. Qxe8 Bxe1 33. Bd5+ Kh7 34.
Qxf8 Qe5 35. Bg8+ 1-0

[Event "TCh-FRA Top 12 2018"]
[Site "Brest FRA"]
[Date "2018.05.28"]
[Round "3.1"]
[Board "5"]
[White "Flom, Gabriel"]
[Black "Godart, Francois"]
[Result "1/2-1/2"]
[WhiteTitle "IM"]
[BlackTitle "IM"]
[WhiteElo "2501"]
[BlackElo "2420"]
[WhiteTeam "Tremblay en France"]
[BlackTeam "Les Tours de Haute Picardie, SAINT QUENTIN"]
[WhiteFideId "621650"]
[BlackFideId "208078"]
[EventDate "2018.05.26"]

1. d4 d5 2. c4 e6 3. Nc3 c6 4. e3 Nf6 5. Nf3 Nbd7 6. Qc2 Bd6 7. Bd3 dxc4 8. Bxc4
b5 9. Be2 Bb7 10. O-O O-O 11. e4 e5 12. dxe5 Nxe5 13. Nh4 b4 14. Nf5 bxc3 15.
Rd1 Ne8 16. Qxc3 Qf6 17. f4 Bc7 18. fxe5 Qxe5 19. Qxe5 Bxe5 20. Be3 Nf6 21. Bf3
Rfe8 22. Rac1 c5 23. Rc4 g6 24. Nd6 Bxd6 25. Rxd6 Nxe4 26. Rd7 Nd6 27. Bxb7 Nxc4
28. Bxa8 Nxe3 29. Bf3 a6 30. Kf2 Re6 31. Rc7 c4 32. a4 Re5 33. Rc6 a5 34. Rb6
Nc2 35. Rb5 Re6 36. Rxa5 Nd4 37. Rd5 Nxf3 38. gxf3 Rc6 39. Ke3 c3 40. bxc3 Rxc3+
41. Rd3 Rc5 42. Ra3 Ra5 43. Kd4 Kf8 44. Kc4 Ke7 45. Kb4 Ra8 46. a5 Kd6 47. Rc3
Rb8+ 48. Ka4 g5 49. a6 h5 50. Ka5 f5 51. a7 Ra8 52. Kb6 Ke5 53. Rc4 g4 54. fxg4
hxg4 55. Kb7 Rxa7+ 56. Kxa7 f4 57. Rc5+ Ke4 58. Rg5 Kf3 59. Kb6 g3 60. h4 Kf2
61. h5 g2 62. h6 g1=Q 63. Rxg1 1/2-1/2

[Event "TCh-FRA Top 12 2018"]
[Site "Brest FRA"]
[Date "2018.05.28"]
[Round "3.1"]
[Board "6"]
[White "Colin, Vincent"]
[Black "Bellahcene, Bilel"]
[Result "1/2-1/2"]
[WhiteTitle "IM"]
[BlackTitle "GM"]
[WhiteElo "2386"]
[BlackElo "2488"]
[WhiteTeam "Les Tours de Haute Picardie, SAINT QUENTIN"]
[BlackTeam "Tremblay en France"]
[WhiteFideId "612324"]
[BlackFideId "696358"]
[EventDate "2018.05.26"]

1. e4 e5 2. Nf3 Nc6 3. Bc4 Nf6 4. d3 h6 5. c3 d6 6. O-O Be7 7. a4 O-O 8. a5 a6
9. Qb3 Rb8 10. h3 Nh7 11. Be3 Ng5 12. Nbd2 Bd7 13. d4 Qc8 14. Kh2 Bf6 15. Nxg5
hxg5 16. d5 Ne7 17. Be2 Ng6 18. Qd1 Be7 19. Bg4 c6 20. Nc4 Bxg4 21. hxg4 Qc7 22.
g3 Bd8 23. Ba7 Ra8 24. Bb6 Qd7 25. Bxd8 Raxd8 26. Nb6 Qc7 27. Qe2 Ne7 28. Rfd1
g6 29. dxc6 Qxc6 30. Qe3 Kg7 31. Kg2 d5 32. exd5 Nxd5 33. Nxd5 Rxd5 34. Rxd5
Qxd5+ 35. Qf3 Rd8 36. Ra4 Rd7 37. Rb4 Qxa5 1/2-1/2

[Event "TCh-FRA Top 12 2018"]
[Site "Brest FRA"]
[Date "2018.05.28"]
[Round "3.1"]
[Board "7"]
[White "Shchekachev, Andrei"]
[Black "Bolon, Karelle"]
[Result "0-1"]
[WhiteTitle "GM"]
[BlackTitle "WFM"]
[WhiteElo "2540"]
[BlackElo "1994"]
[WhiteTeam "Tremblay en France"]
[BlackTeam "Les Tours de Haute Picardie, SAINT QUENTIN"]
[WhiteFideId "4107730"]
[BlackFideId "634514"]
[EventDate "2018.05.26"]

1. Nf3 d6 2. d4 f5 3. g3 g6 4. Bg2 Bg7 5. O-O Nf6 6. c4 O-O 7. Nc3 Nc6 8. d5 Ne5
9. Qb3 Nxf3+ 10. Bxf3 Rb8 11. Be3 a6 0-1

[Event "TCh-FRA Top 12 2018"]
[Site "Brest FRA"]
[Date "2018.05.28"]
[Round "3.1"]
[Board "8"]
[White "Le Hay, Thierry"]
[Black "Aflalo, Sophie"]
[Result "1-0"]
[WhiteElo "2062"]
[BlackElo "2104"]
[WhiteTeam "Les Tours de Haute Picardie, SAINT QUENTIN"]
[BlackTeam "Tremblay en France"]
[WhiteFideId "639613"]
[BlackFideId "656887"]
[EventDate "2018.05.26"]

1. d4 Nf6 2. c4 g6 3. Nc3 Bg7 4. e4 d6 5. Nf3 O-O 6. Be2 Nbd7 7. Be3 e5 8. d5
Ng4 9. Bg5 f6 10. Bc1 f5 11. Ng5 Ndf6 12. Ne6 Bxe6 13. dxe6 c6 14. exf5 gxf5 15.
Bg5 Nh6 16. Qd2 f4 17. g4 Qc7 18. Bxh6 Bxh6 19. g5 Bxg5 20. Rg1 Rae8 21. h4 Rxe6
22. hxg5 Ne8 23. Bg4 Re7 24. O-O-O b5 25. cxb5 d5 26. bxc6 d4 27. Ne4 Qxc6+ 28.
Qc2 Qa6 29. Kb1 Kh8 30. Qc5 Qb7 31. f3 Ng7 32. Rh1 Rb8 33. Rd2 a5 34. g6 Ne8 35.
Rxh7+ Rxh7 36. gxh7 Qg7 37. Rg2 Kxh7 1-0

[Event "TCh-FRA Top 12 2018"]
[Site "Brest FRA"]
[Date "2018.05.28"]
[Round "3.2"]
[Board "1"]
[White "Hamdouchi, Hicham"]
[Black "Navara, David"]
[Result "1-0"]
[WhiteTitle "GM"]
[BlackTitle "GM"]
[WhiteElo "2580"]
[BlackElo "2727"]
[WhiteTeam "CLICHY Echecs 92"]
[BlackTeam "MULHOUSE Philidor"]
[WhiteFideId "9000011"]
[BlackFideId "309095"]
[EventDate "2018.05.26"]

1. e4 c5 2. Nf3 d6 3. Nc3 Nf6 4. d4 cxd4 5. Qxd4 Nc6 6. Bb5 Bd7 7. Bxc6 Bxc6 8.
Bg5 e6 9. O-O-O Be7 10. Qd3 Qa5 11. h4 h6 12. Bd2 Qa6 13. Nd4 Qxd3 14. cxd3 Ng4
15. Nxc6 bxc6 16. Rdf1 d5 17. Kc2 Bc5 18. Nd1 h5 19. Bc3 Nf6 20. f3 Rh6 21. Re1
Rg6 22. Re2 O-O-O 23. b4 Be7 24. Nb2 Nd7 25. Na4 e5 26. Kb3 Kb7 27. exd5 cxd5
28. d4 Rc6 29. dxe5 Nf8 30. Rd2 Ne6 31. Rhd1 Nc7 32. Rd4 Rg6 33. R1d2 a6 34. Rf4
Rf8 35. Nc5+ Kc6 36. Bd4 Bxc5 37. Bxc5 Ne6 38. Rf5 Nxc5+ 39. bxc5 Kxc5 40. Kc3
Re6 41. Rxh5 g6 42. Rg5 Rh8 43. g3 Rb8 44. Kd3 Rb4 45. Rc2+ Rc4 46. Rxc4+ dxc4+
47. Kc3 Kd5 48. h5 gxh5 49. Rxh5 Rg6 50. g4 Rc6 51. e6+ Kxe6 52. Rh6+ f6 53. g5
Rc5 54. Rxf6+ Ke7 55. f4 a5 56. a4 Rc8 57. Rf5 Ke6 58. Rxa5 Rf8 59. f5+ 1-0

[Event "TCh-FRA Top 12 2018"]
[Site "Brest FRA"]
[Date "2018.05.28"]
[Round "3.2"]
[Board "2"]
[White "Bluebaum, Matthias"]
[Black "Van Wely, Loek"]
[Result "1-0"]
[WhiteTitle "GM"]
[BlackTitle "GM"]
[WhiteElo "2633"]
[BlackElo "2667"]
[WhiteTeam "MULHOUSE Philidor"]
[BlackTeam "CLICHY Echecs 92"]
[WhiteFideId "24651516"]
[BlackFideId "1000268"]
[EventDate "2018.05.26"]

1. d4 Nf6 2. c4 g6 3. Nc3 d5 4. Nf3 Bg7 5. h3 O-O 6. cxd5 Nxd5 7. e4 Nxc3 8.
bxc3 c5 9. Be2 b6 10. Be3 Bb7 11. Qd3 e6 12. O-O Nc6 13. Rfd1 cxd4 14. cxd4 Qd6
15. Rac1 Rfd8 16. Qd2 Qa3 17. Rc3 Qa5 18. Qb2 Qb4 19. Qc1 Rac8 20. Rc4 Qd6 21.
Bg5 Na5 22. Rxc8 Rxc8 23. Qe3 Nc6 24. Bf4 Qd8 25. Bh6 Bxh6 26. Qxh6 Qf6 27. Qe3
Rd8 28. Bb5 Nb8 29. Ne5 a6 30. Ba4 b5 31. Bb3 Nd7 32. Ng4 Qe7 33. Qf4 h5 34. Ne3
Nf6 35. e5 Nh7 36. Bd5 Kg7 37. Bb3 1-0

[Event "TCh-FRA Top 12 2018"]
[Site "Brest FRA"]
[Date "2018.05.28"]
[Round "3.2"]
[Board "3"]
[White "Van Foreest, Jorden"]
[Black "Gledura, Benjamin"]
[Result "1/2-1/2"]
[WhiteTitle "GM"]
[BlackTitle "GM"]
[WhiteElo "2638"]
[BlackElo "2615"]
[WhiteTeam "CLICHY Echecs 92"]
[BlackTeam "MULHOUSE Philidor"]
[WhiteFideId "1039784"]
[BlackFideId "712779"]
[EventDate "2018.05.26"]

1. e4 e5 2. Nf3 Nc6 3. d4 exd4 4. Nxd4 Nf6 5. Nxc6 bxc6 6. e5 Qe7 7. Qe2 Nd5 8.
h4 d6 9. c4 Nb6 10. exd6 cxd6 11. Be3 d5 12. Nd2 dxc4 13. g3 Be6 14. Bg2 Qc7 15.
O-O Be7 16. Bxb6 axb6 17. Nxc4 O-O 18. Ne5 Bc5 19. Nxc6 Qxg3 20. b4 Bh3 21. Qf3
Qxg2+ 22. Qxg2 Bxg2 23. Kxg2 Rfc8 24. bxc5 Rxc6 25. cxb6 Rxb6 26. a4 h5 1/2-1/2

[Event "TCh-FRA Top 12 2018"]
[Site "Brest FRA"]
[Date "2018.05.28"]
[Round "3.2"]
[Board "4"]
[White "Sokolov, Andrei1"]
[Black "Fressinet, Laurent"]
[Result "1/2-1/2"]
[WhiteTitle "GM"]
[BlackTitle "GM"]
[WhiteElo "2489"]
[BlackElo "2651"]
[WhiteTeam "MULHOUSE Philidor"]
[BlackTeam "CLICHY Echecs 92"]
[WhiteFideId "627089"]
[BlackFideId "608742"]
[EventDate "2018.05.26"]

1. e4 c6 2. d4 d5 3. Nc3 dxe4 4. Nxe4 Nf6 5. Nxf6+ exf6 6. Bc4 Bd6 7. Qe2+ Qe7
8. Qxe7+ Kxe7 9. Ne2 Be6 10. Bd3 Nd7 11. Bf4 Nb6 12. Bxd6+ 1/2-1/2

[Event "TCh-FRA Top 12 2018"]
[Site "Brest FRA"]
[Date "2018.05.28"]
[Round "3.2"]
[Board "5"]
[White "Tregubov, Pavel V."]
[Black "Riff, Jean-Noel"]
[Result "1/2-1/2"]
[WhiteTitle "GM"]
[BlackTitle "GM"]
[WhiteElo "2578"]
[BlackElo "2507"]
[WhiteTeam "CLICHY Echecs 92"]
[BlackTeam "MULHOUSE Philidor"]
[WhiteFideId "4115341"]
[BlackFideId "611190"]
[EventDate "2018.05.26"]

1. c4 Nf6 2. Nc3 e5 3. Nf3 Nc6 4. g3 Nd4 5. Bg2 Nxf3+ 6. Bxf3 Bb4 7. Qb3 Bc5 8.
Na4 Be7 9. O-O O-O 10. Rd1 d6 11. Nc3 c6 12. d4 Qc7 13. Qc2 Be6 14. b3 Rfd8 15.
Bb2 Rac8 16. Rac1 a6 17. Bg2 Qb8 18. d5 cxd5 19. Nxd5 Nxd5 20. Bxd5 Bxd5 21.
Rxd5 b5 22. Qd3 bxc4 23. Rxc4 Rxc4 24. Qxc4 Qb7 25. e4 Rc8 26. Qe2 Rc6 27. Ba3
g6 28. Kg2 Qc7 1/2-1/2

[Event "TCh-FRA Top 12 2018"]
[Site "Brest FRA"]
[Date "2018.05.28"]
[Round "3.2"]
[Board "6"]
[White "Istratescu, Andrei"]
[Black "Kosteniuk, Alexandra"]
[Result "1-0"]
[WhiteTitle "GM"]
[BlackTitle "GM"]
[WhiteElo "2589"]
[BlackElo "2555"]
[WhiteTeam "MULHOUSE Philidor"]
[BlackTeam "CLICHY Echecs 92"]
[WhiteFideId "1200372"]
[BlackFideId "4128125"]
[EventDate "2018.05.26"]

1. e4 e5 2. Nf3 Nc6 3. Bb5 a6 4. Ba4 Nf6 5. O-O Be7 6. Re1 b5 7. Bb3 d6 8. c3
O-O 9. h3 Re8 10. d4 Bb7 11. Nbd2 exd4 12. cxd4 Nd7 13. Nf1 Na5 14. Bc2 Bf6 15.
Ng3 g6 16. Bd2 Nc4 17. Bc3 c5 18. Bb3 cxd4 19. Bxd4 Rc8 20. Bxc4 Rxc4 21. b3
Bxd4 22. Nxd4 Rc5 23. b4 Rc7 24. a4 bxa4 25. Qxa4 Nf6 26. Rad1 Qc8 27. b5 Rc4
28. Qa1 d5 29. bxa6 Bxa6 30. Ndf5 gxf5 31. Qxf6 Rc6 32. Qa1 fxe4 33. Rxd5 Rg6
34. Nh5 Bb7 35. Rd6 Ree6 36. Red1 Rxd6 37. Rxd6 Qc7 38. Nf6+ Kf8 39. Nxh7+ Kg8
40. Nf6+ Kf8 41. Qa3 e3 42. Rd7+ Kg7 43. Nh5+ Kg8 44. Rxc7 e2 45. Rxb7 e1=Q+ 46.
Kh2 1-0

[Event "TCh-FRA Top 12 2018"]
[Site "Brest FRA"]
[Date "2018.05.28"]
[Round "3.2"]
[Board "7"]
[White "Barbot, Pierre1"]
[Black "Burri, Quentin"]
[Result "1-0"]
[WhiteTitle "IM"]
[BlackTitle "FM"]
[WhiteElo "2421"]
[BlackElo "2434"]
[WhiteTeam "CLICHY Echecs 92"]
[BlackTeam "MULHOUSE Philidor"]
[WhiteFideId "663727"]
[BlackFideId "26028654"]
[EventDate "2018.05.26"]

1. d4 d5 2. c4 c6 3. Nc3 Nf6 4. Nf3 dxc4 5. a4 Bf5 6. Ne5 Nbd7 7. Nxc4 Qc7 8. g3
e5 9. dxe5 Nxe5 10. Bf4 Nfd7 11. Bg2 f6 12. O-O Nc5 13. Nxe5 fxe5 14. Be3 Rd8
15. Qe1 Be7 16. Bxc5 Bxc5 17. Ne4 Bxe4 18. Bxe4 Rd4 19. Qb1 O-O 20. e3 Rd2 21.
b4 Be7 22. Bxh7+ Kh8 23. Be4 Qd7 24. b5 Bc5 25. bxc6 bxc6 26. Qc1 Qd6 27. Qc3 a5
28. Rac1 Ba3 29. Rc2 Rxc2 30. Qxc2 c5 31. Qc4 Bb4 32. Bc2 Qh6 33. Qe4 Qh5 34.
Rd1 Bc3 35. Rd5 Qh3 36. Qd3 Be1 37. Rd8 Bxf2+ 38. Kh1 Rg8 39. Rxg8+ Kxg8 40.
Bb3+ Kh8 41. Qd8+ Kh7 42. Bc2+ g6 43. Qe7+ Kh6 44. Qf8+ Kg5 45. Qxf2 1-0